| 000 | 01409cad a22003255a 4500 | ||
|---|---|---|---|
| 001 | L146443 | ||
| 008 | 080430s2008 xxk f 100 0 eng d | ||
| 035 | _a(Sirsi) u146443 | ||
| 041 | 0 | _aeng | |
| 050 | 0 | 4 | _a346.41043 $2 18 |
| 111 | 2 |
_aProperty Litigation Association Autumn Training Day _bLondon |
|
| 245 | 0 | 0 |
_aProperty Litigation Association Autumn Training day _bNovember 2008 _h[electronic resource] |
| 260 |
_a[S.l.] _bPLA _c2008 |
||
| 505 | 2 | _aWriggling out of purchase obligations -- Costs: a summary of three important cases -- Running uphill in rent reviews -- Guarantees and indemnities: relying on the twelfth man -- Tenant default -- Where are we now on service charge? -- Without prejudice privilege, confidentiality and mediation -- Keeping property professionals up to scratch | |
| 520 | _aCollection of conference papers from the Property Litigation Association's 2008 Autumn training day. | ||
| 521 | 2 | _aAdvanced | |
| 590 | _aKA | ||
| 651 | 4 |
_aUnited Kingdom _y |
|
| 690 | _aPROPERTY | ||
| 700 | 1 | _aSeitler, Jonathan | |
| 700 | 1 | _aScott,Tiffany | |
| 700 | 1 | _aKaras, Jonathan | |
| 700 | 1 | _aHutchings, Martin | |
| 700 | 1 | _aGreenhill, Julian | |
| 700 | 1 | _aFurber, John | |
| 700 | 1 | _aBlack,Charlotte | |
| 700 | 1 | _aWicks, Joanne | |
| 856 | 4 | 0 |
_uhttps://www.pla.org.uk/library/conference_papers _zView the conference papers free of charge at www.pla.org.uk... |
| 942 | _n0 | ||
| 999 |
_c109171 _d109171 |
||